| 000 | 01151cam a22003497a 4500 | ||
|---|---|---|---|
| 003 | CHAP | ||
| 005 | 20220329134602.0 | ||
| 008 | 971013s1976 r 00010 d | ||
| 010 | _a22585 | ||
| 011 | _a23557 | ||
| 035 | _a27653 | ||
| 040 | _cCHAP | ||
| 090 | _aFolleto 6973 | ||
| 110 |
_aComisión de Estudios del Territorio Nacional. México _925677 |
||
| 245 | 1 | 3 | _aLa información CETENAL en obras de ingeniería civil |
| 260 |
_aMéxico : _b(s.e.), _c1976 |
||
| 300 | _a43 p. | ||
| 500 | _ac.4 en bodega | ||
| 590 |
_aBATCH-UPD _b10 _c20130110 _lUCH01 _h0032 |
||
| 590 |
_aBATCH-UPD _b10 _c20130110 _lUCH01 _h1712 |
||
| 590 |
_aBATCH-UPD _b10 _c20130410 _lUCH01 _h1057 |
||
| 590 |
_aBATCH-UPD _b10 _c20130914 _lUCH01 _h0852 |
||
| 590 |
_aCONVERSION _b10 _c20130109 _lUCH01 _h1313 |
||
| 650 | 1 | 4 |
_aCarreteras _xMapas. _919424 |
| 650 | 1 | 4 |
_aIngeniería civil. _958214 |
| 700 | 0 |
_aRivas Juárez, David. _997563 |
|
| 901 | _aBK | ||
| 942 | _cFOLL | ||
| 949 |
_aFolleto 6973 _bBC _cFOLL _d-64085 _eTS1 _i27653 _mD _si |
||
| 949 |
_aFolleto 6973 _bBC _cFOLL _d-64086 _eTS2 _fc.2 _i27653 _mD _si |
||
| 949 |
_aFolleto 6973 _bBC _cFOLL _d-64087 _eTS2 _fc.3 _i27653 _mD _si |
||
| 999 |
_c22585 _d22585 |
||